Fundamentals of public economics /

Bibliographic Details
Main Author: Laffont, Jean-Jacques, 1947-2004
Format: Book
Language:English
French
Published: Cambridge, Mass. : MIT Press, [1988]
Subjects:

MARC

Tag First Indicator Second Indicator Subfields
LEADER 00000cam a2200000 a 4500
001 in00000033020
005 20151007055106.0
008 870722s1988 maua b 00110 eng
010 |a  87021895  
020 |a 0262121271 
035 |a (OCoLC)16525743 
035 |9 AAB7230AM 
040 |a DLC  |c DLC  |d UtOrBLW 
041 1 |a eng  |a fre 
049 |a TXAM  |c [A11497966] 
050 0 0 |a HB173  |b .L23713 1988 
082 0 |a 338.5  |2 19 
100 1 |a Laffont, Jean-Jacques,  |d 1947-2004. 
240 1 0 |a Cours de théorie microéconomique.  |n 1,  |p Fondements de l'économie publique.  |l English 
245 1 0 |a Fundamentals of public economics /  |c Jean-Jacques Laffont ; translated by John P. Bonin and Hélène Bonin. 
264 1 |a Cambridge, Mass. :  |b MIT Press,  |c [1988] 
264 4 |c ©1988 
300 |a x, 275 pages :  |b illustrations ;  |c 24 cm. 
336 |a text  |b txt  |2 rdacontent 
337 |a unmediated  |b n  |2 rdamedia 
338 |a volume  |b nc  |2 rdacarrier 
500 |a Translation of: Cours de théorie microéconomique. Volume 1 Fondements de lʼeconomie publique. 
504 |a Includes bibliographical references and index. 
650 0 |a Microeconomics. 
999 |a MARS 
999 f f |s ead85c84-70c1-3930-b45c-5ffd45708bd2  |i b2e59428-0a53-3d03-a3d4-d71d3166b483  |t 0 
952 f f |p ric  |a Texas A&M University  |b Rellis Campus  |c Joint Library Facility  |d Remote Storage  |t 0  |e HB173 .L23713 1988  |h Library of Congress classification  |i unmediated -- volume  |m A14823725692 
998 f f |a HB173 .L23713 1988  |t 0  |l Remote Storage